00655nam a2200205Ia 4500952013200000999001700132003000400149005001700153008004100170020001800211040000900229082001700238100002700255245004700282250001200329260004700341300000900388650001200397942004000409 00102ddc40708ZOOLOGYaMESbMEScZOOd2019-02-20g260.00l0o590.3 ALL/Dp34430r2019-02-20 00:00:00w2019-02-20yBKzGL19R1 c37474d37474OSt20200929140244.0190216s9999||||xx |||||||||||||| ||und|| a9780199233410 coclc a590.3bALL/D aAllaby, Michael 95154 0aA Dictionary Of Zoology /c Michael Allaby a3rd Ed. bOxford University Press,c2009.aNew York: a696p aZoology cBK2ddch590.3iALL/Dk590.3mALL/D